000 00717nam a2200241Ia 4500
003 OSt
005 20220930071519.0
006 a|||||r|||| 00| 0
007 ta
008 220926b |||||||| |||| 00| 0 hin d
024 _a13997
037 _cTheses
040 _aCRL
_cCRL
_bhin
041 _2hin
_ahin
100 _aRenu
110 _aUniversity of Delhi. Faculty of Arts. Department of Hindi
245 0 _aPrem Chand aur Sharat Chandra ke nari patron ka tulnatmak adhyayan (Supervisor
_b Dr. Vishwanath Tripathi)
260 _c1997
650 _aHINDI LITERATURE
_923866
700 _aUniversity of Delhi. Faculty of Arts. Department of Hindi
942 _cDIS
_2CC
999 _c862429
_d862429